00602nam a22001817a 4500999001900000005001700019010001500036020001800051035001400069037001300083082001100096100001900107245006000126260003100186270012100217300005700338942002500395 c188072d18807220220509161851.0 aENG-132571 c9788195255726 aEN-116103 bDBAD/PUB a210.92 aWal,George ter aSpinoza:bThe power of Clear Thinking/cGeorge ter Wal  aNew DelhibJ.C Sethic2021 aScience of the Soul Research Centre c/o Radha Soami Satsang Beas 5 Guru Ravi Dass Marg, Pusa RoadbNew Delhie110005 axvi,256pc22cm(hbk)bContact and General Information 2ddccENh210.92mWAL